| 000 | 00000nam##2200000za#4500 |
| 001 | 9.640462 |
| 003 | CaOODSP |
| 005 | 20210624222700 |
| 007 | cr ||||||||||| |
| 008 | 150407|2000||||xxc|||||o f|0| 0 fre|d |
| 040 | |aCaOODSP|bfre |
| 043 | |an-cn--- |
| 086 | 1 |aH21-141/2000F-PDF |
| 110 | 1 |aCanada. |bSanté Canada.|bDirection générale de la santé environnementale et de la sécurité des consommateurs. |
| 245 | 10|aStratégie de développement durable 2000 : |h[ressource électronique]|bpour une santé durable |
| 260 | |aOttawa - Ontario : |bSanté Canada. |cc2000. |
| 300 | |a76p.|bill., organigramme, références, tableaux |
| 500 | |aLe n° de catalogue (H21-141/2000F) et l'ISBN (0-662-85048-3) copiés dans cette édition électronique sont incorrects. |
| 590 | |a12-30-Supp|b2012-06-28 |
| 691 | 07|aDéveloppement durable|2gcpds |
| 691 | 07|aPolitique en matière de santé|2gcpds |
| 691 | 07|aSoins de santé|2gcpds |
| 775 | 08|tSustainable development strategy 2000 : |w(CaOODSP)9.696345 |
| 776 | 0#|tSustainable Development Strategy 2000 : |w(CaOODSP)9.662157 |
| 776 | 0#|tStratégie de développement durable 2000 : |w(CaOODSP)9.662158 |
| 856 | 40|ahttp://publications.gc.ca|qPDF|s801 Ko|uhttps://publications.gc.ca/collections/Collection/H21-141-2000F.pdf |